00469nam a22001457a 4500003000500000038001800005082000800023100001600031245010300047264003700150300001200187650003100199700003600230856005700266NUST aNusrat Nadeem a200 aAsif, Aiza  aArchitectural Implementation of Elliptic Curve Point Multiplication Over Binary Field /cAiza Asif aIslamabad :bSEECS, NUST,c2022. a59 p. ; aMS-Electrical Engineering  aSupervisor: Dr. Khawar Khurshid uhttp://10.250.8.41:8080/xmlui/handle/123456789/29957